Jazyková politika EÚ, jej vývin a súčasné trendy v súvislosti s vyučovaním angličtiny ako cudzieho jazyka

Problém jazykovej politiky Európskej únie. Vývin jazykovej politiky EÚ. Súčasné trendy jazykovej politiky EÚ. Dosah týchto trendov na vyučovanie angličtiny.

Na minha lista:
Detalhes bibliográficos
Autor principal: Strelinger, Ján, 1964-
Formato: Capítulo de Livro
Idioma:eslovaco
Assuntos:
Tags: Adicionar Tag
Sem tags, seja o primeiro a adicionar uma tag!

MARC

LEADER 00000nla$a2200000$$$4500
001 0120431
005 20240502072343.5
041 0 |a slo 
044 |a SK 
245 1 0 |a Jazyková politika EÚ, jej vývin a súčasné trendy v súvislosti s vyučovaním angličtiny ako cudzieho jazyka  |c Ján Strelinger 
520 |a Problém jazykovej politiky Európskej únie. Vývin jazykovej politiky EÚ. Súčasné trendy jazykovej politiky EÚ. Dosah týchto trendov na vyučovanie angličtiny. 
610 2 0 |a jazyky cudzie 
610 2 0 |a angličtina 
610 2 0 |a vzdelávanie 
610 2 0 |a Európska únia 
100 1 |a Strelinger, Ján, 1964-